[Event "XI Festival A"]
[Site "Trieste ITA"]
[Date "2009.08.31"]
[Round "3"]
[White "Lenic, Luka"]
[Black "Fedorchuk, Sergey A."]
[Result "1/2-1/2"]
[WhiteElo "2565"]
[BlackElo "2655"]
[PlyCount "20"]
[EventDate "2009.08.30"]

1. d4 Nf6 2. c4 e6 3. Nf3 b6 4. Nc3 Bb7 5. Bg5 h6 6. Bh4 Be7 7. Qc2 c5 8. dxc5
bxc5 9. e3 Nc6 10. Be2 g5 1/2-1/2

[Event "XI Festival A"]
[Site "Trieste ITA"]
[Date "2009.08.31"]
[Round "3"]
[White "Mikhalevski, Victor"]
[Black "Epishin, Vladimir V."]
[Result "1/2-1/2"]
[WhiteElo "2631"]
[BlackElo "2592"]
[PlyCount "56"]
[EventDate "2009.08.30"]

1. d4 d5 2. c4 e6 3. Nf3 Nf6 4. g3 Bb4+ 5. Bd2 Be7 6. Bg2 O-O 7. O-O Na6 8. Qc2
Ne4 9. Bf4 c5 10. dxc5 Nb4 11. Qc1 Nxc5 12. Rd1 Qb6 13. Nc3 dxc4 14. Ne5 Qa6
15. Ne4 Nxe4 16. Bxe4 f6 17. a3 Nd5 18. Rxd5 exd5 19. Bxd5+ Be6 20. Nc6 Kh8 21.
Bxe6 bxc6 22. Qxc4 Qxc4 23. Bxc4 Rac8 24. Bd3 Rfd8 25. Kg2 g6 26. Bd2 Kg7 27.
a4 h6 28. b4 Rd4 1/2-1/2

[Event "XI Festival A"]
[Site "Trieste ITA"]
[Date "2009.08.31"]
[Round "3"]
[White "Mufic, Goran"]
[Black "Khenkin, Igor"]
[Result "1-0"]
[WhiteElo "2305"]
[BlackElo "2634"]
[PlyCount "121"]
[EventDate "2009.08.30"]

1. d4 d5 2. Nf3 c5 3. c3 Nf6 4. Bf4 Nc6 5. e3 Qb6 6. Qb3 c4 7. Qc2 Bf5 8. Qc1
Ne4 9. Be2 e6 10. O-O Be7 11. h3 g5 12. Bh2 h5 13. Nfd2 Nd6 14. b3 cxb3 15.
axb3 g4 16. c4 Qd8 17. hxg4 hxg4 18. c5 Ne4 19. Nxe4 dxe4 20. Bg3 Bg5 21. Bb5
Kf8 22. Bxc6 bxc6 23. Re1 f6 24. Bd6+ Kg7 25. Kf1 e5 26. dxe5 Qg8 27. Nd2 Qd5
28. Qc3 Qd3+ 29. Qxd3 exd3 30. Kg1 fxe5 31. Bxe5+ Bf6 32. Bxf6+ Kxf6 33. e4 Be6
34. f4 gxf3 35. Rf1 Rhd8 36. Rxf3+ Ke5 37. Kf2 Kd4 38. Rf6 Bg4 39. Rc1 Rf8 40.
Rc4+ Ke5 41. Rxf8 Rxf8+ 42. Ke3 Be2 43. Rd4 Rg8 44. Nf3+ Kf6 45. Rd6+ Ke7 46.
Ne1 Rb8 47. Nxd3 Bf1 48. b4 Bxd3 49. Kxd3 Rxb4 50. Rxc6 Ra4 51. g4 Ra1 52. Kd4
a5 53. Ra6 a4 54. Ke5 Kd7 55. g5 Rg1 56. g6 a3 57. g7 Kc8 58. Ra8+ Kb7 59. g8=Q
Rxg8 60. Rxg8 a2 61. Rg1 1-0

[Event "XI Festival A"]
[Site "Trieste ITA"]
[Date "2009.08.31"]
[Round "3"]
[White "Pasquotto, Mirko"]
[Black "Tonon, Alessandro"]
[Result "0-1"]
[WhiteElo "1922"]
[BlackElo "2248"]
[PlyCount "176"]
[EventDate "2009.08.30"]

1. d4 Nf6 2. c4 e6 3. Nf3 b6 4. g3 Ba6 5. b3 Bb4+ 6. Bd2 Be7 7. Bc3 c6 8. Bg2
d5 9. Nbd2 O-O 10. O-O Nbd7 11. Qc2 Rc8 12. Qb2 c5 13. Rac1 dxc4 14. bxc4 Bb7
15. Rfd1 Qc7 16. Ne5 Bxg2 17. Kxg2 cxd4 18. Bxd4 Rfd8 19. Ndf3 Nxe5 20. Nxe5
Bc5 21. e3 h6 22. Rd3 Nd7 23. Nf3 f6 24. e4 Bxd4 25. Rxd4 Ne5 26. Nxe5 fxe5 27.
Rd2 Rxd2 28. Qxd2 Rd8 29. Qc2 Qc5 30. Qa4 a5 31. Rd1 Rxd1 32. Qxd1 Qxc4 33.
Qd8+ Kh7 34. Qxb6 Qxe4+ 35. Kg1 Qe1+ 36. Kg2 Qe4+ 37. Kg1 Qd5 38. Qb1+ Kg8 39.
Qb8+ Kf7 40. Qb2 Qd1+ 41. Kg2 Qd5+ 42. Kg1 a4 43. a3 Kf6 44. Qb4 Qb3 45. Qf8+
Kg6 46. Qe8+ Kh7 47. Qe7 Qd1+ 48. Kg2 Qd5+ 49. Kg1 e4 50. Qb4 Qd1+ 51. Kg2 Qf3+
52. Kg1 e3 53. fxe3 Qxe3+ 54. Kg2 Qe2+ 55. Kg1 Qd1+ 56. Kg2 Qc2+ 57. Kg1 e5 58.
Qf8 Qc1+ 59. Kg2 Qc6+ 60. Kg1 Qe4 61. Qe7 Qe3+ 62. Kg2 Qe2+ 63. Kg1 Qe3+ 64.
Kg2 Qe2+ 65. Kg1 Qd1+ 66. Kg2 Qd5+ 67. Kg1 e4 68. Qb4 Qd1+ 69. Kg2 Qf3+ 70. Kg1
Qd1+ 71. Kg2 Qc2+ 72. Kg1 e3 73. Qe1 Qd3 74. Qc1 e2 75. Qe1 Qe3+ 76. Kg2 Kh8
77. Kh1 Kg8 78. Kg2 Kh8 79. Kh1 Qe4+ 80. Kg1 Qe3+ 81. Kg2 h5 82. Kh1 Kh7 83.
Qb1+ Kh6 84. Qe1 Kg5 85. Qa5+ Kg4 86. Qb4+ Kf3 87. Qb7+ Qe4 88. Qf7+ Ke3+ 0-1

[Event "XI Festival A"]
[Site "Trieste ITA"]
[Date "2009.08.31"]
[Round "3"]
[White "Piscopo, Pierluigi"]
[Black "Doric, Darko"]
[Result "1/2-1/2"]
[WhiteElo "2415"]
[BlackElo "2468"]
[PlyCount "53"]
[EventDate "2009.08.30"]

1. e4 c5 2. Nf3 d6 3. c3 Nf6 4. h3 g6 5. Bd3 Bg7 6. Bc2 e5 7. O-O O-O 8. a3 Re8
9. d3 h6 10. b4 Qc7 11. Bb2 a6 12. Nbd2 d5 13. exd5 Nxd5 14. c4 Nf4 15. Re1 Bf5
16. Ne4 cxb4 17. c5 Bxe4 18. Rxe4 bxa3 19. Rxa3 Nc6 20. Qa1 f5 21. Re1 Kh7 22.
Ba4 Rad8 23. Bxc6 Qxc6 24. Bxe5 Bxe5 25. Rxe5 Nxd3 26. Nd4 Nxe5 27. Nxc6
1/2-1/2

[Event "XI Festival A"]
[Site "Trieste ITA"]
[Date "2009.08.31"]
[Round "3"]
[White "Pregarac, Valter"]
[Black "Varini, Massimo"]
[Result "1/2-1/2"]
[WhiteElo "2098"]
[BlackElo "2084"]
[PlyCount "60"]
[EventDate "2009.08.30"]

1. d4 d5 2. c4 e6 3. Nc3 Nf6 4. Bg5 Be7 5. cxd5 exd5 6. e3 Nbd7 7. Bd3 O-O 8.
Qc2 c6 9. Nge2 Re8 10. f3 Nf8 11. O-O h6 12. Bh4 Be6 13. e4 c5 14. e5 N6d7 15.
Bxe7 Qxe7 16. f4 cxd4 17. Nxd4 Qc5 18. Qf2 Nb6 19. Rac1 Rac8 20. Rc2 Nc4 21. b3
Na3 22. Ne4 Qb6 23. Rxc8 Rxc8 24. Nd6 Rc3 25. N4b5 Qxf2+ 26. Rxf2 Rxd3 27. Nxa3
Rd1+ 28. Rf1 Rd2 29. Rf2 Rd1+ 30. Rf1 Rd2 1/2-1/2

[Event "XI Festival A"]
[Site "Trieste ITA"]
[Date "2009.08.31"]
[Round "3"]
[White "Suc, Timothy"]
[Black "Jacob, Volker"]
[Result "0-1"]
[WhiteElo "1991"]
[BlackElo "2257"]
[PlyCount "102"]
[EventDate "2009.08.30"]

1. d4 Nf6 2. Nf3 g6 3. Nc3 d5 4. Bf4 Bg7 5. e3 Nh5 6. Bg5 h6 7. Bh4 c6 8. Be2
Nd7 9. O-O g5 10. Nd2 gxh4 11. Bxh5 Nf6 12. e4 dxe4 13. Ndxe4 Nxe4 14. Nxe4
Qxd4 15. Re1 O-O 16. c3 Qb6 17. Qc2 Be6 18. Re3 Rad8 19. b3 Rd5 20. Qe2 Rfd8
21. Re1 Re5 22. c4 Qd4 23. Rd1 Qxd1+ 24. Qxd1 Rxd1+ 25. Bxd1 b6 26. Nd2 Bf5 27.
Bf3 Rxe3 28. fxe3 c5 29. Kf2 Bd7 30. Be4 f5 31. Bd3 Kf7 32. e4 Bd4+ 33. Kf3 Bc3
34. Nf1 Bc6 35. Ne3 e6 36. Nd1 Bd2 37. Nf2 Kf6 38. Ke2 Bf4 39. h3 Ke5 40. exf5
exf5 41. Kf1 Be3 42. Nd1 Bd4 43. Nf2 Kf4 44. Nd1 Be4 45. Bxe4 fxe4 46. Ke2 Kg3
47. Ne3 Bxe3 48. Kxe3 Kxg2 49. Kxe4 Kxh3 50. Kf3 a6 51. a3 a5 0-1

[Event "XI Festival A"]
[Site "Trieste ITA"]
[Date "2009.08.31"]
[Round "3"]
[White "Tratar, Marko"]
[Black "Tonel, Giulia"]
[Result "1-0"]
[WhiteElo "2494"]
[BlackElo "2004"]
[PlyCount "55"]
[EventDate "2009.08.30"]

1. d4 c5 2. d5 f5 3. Nc3 Nf6 4. Bg5 Qb6 5. Rb1 h6 6. Bxf6 Qxf6 7. Nf3 g6 8. e4
d6 9. Bd3 Bg7 10. Nb5 Na6 11. O-O O-O 12. Re1 Bd7 13. e5 dxe5 14. Nxe5 Be8 15.
c3 Rd8 16. Qb3 Kh7 17. Nxa7 Qd6 18. Nf3 c4 19. Bxc4 Nc5 20. Qb4 Ne4 21. a3 Bf6
22. Rbd1 Qf4 23. Nb5 g5 24. Nbd4 Bxd4 25. Rxd4 g4 26. Qxe7+ Bf7 27. Qe5 Qxe5
28. Nxe5 1-0

[Event "XI Festival A"]
[Site "Trieste ITA"]
[Date "2009.08.31"]
[Round "3"]
[White "Vianello, Enrico"]
[Black "Mazi, Leon"]
[Result "0-1"]
[WhiteElo "2200"]
[BlackElo "2362"]
[PlyCount "68"]
[EventDate "2009.08.30"]

1. d4 Nf6 2. Nf3 d6 3. Bf4 g6 4. e3 Bg7 5. Be2 O-O 6. h3 Nfd7 7. O-O e5 8. Bg3
f5 9. c4 h6 10. Nc3 Nc6 11. Rb1 e4 12. Nd2 Nf6 13. b4 Qe7 14. a4 a5 15. b5 Nb4
16. Nb3 b6 17. Qd2 Bb7 18. Na2 Nxa2 19. Qxa2 g5 20. c5 Kh8 21. cxd6 cxd6 22.
Qa3 Ne8 23. Rfc1 f4 24. Bh2 Qf6 25. Rf1 f3 26. Bd1 Qe6 27. Nd2 h5 28. Bb3 d5
29. Rbc1 fxg2 30. Kxg2 Bc8 31. Kh1 Bd7 32. Qa2 Nf6 33. Rc7 Qxh3 34. Qa3 Ng4 0-1

[Event "XI Festival A"]
[Site "Trieste ITA"]
[Date "2009.08.31"]
[Round "3"]
[White "Judkovsky, Yair"]
[Black "Egartner, Wolfgang"]
[Result "1-0"]
[WhiteElo "2244"]
[BlackElo "2153"]
[PlyCount "129"]
[EventDate "2009.08.30"]

1. e4 c6 2. d4 d5 3. e5 c5 4. dxc5 Nc6 5. Nf3 Bg4 6. Bb5 e6 7. Be3 Qa5+ 8. Nc3
a6 9. Bxc6+ bxc6 10. a3 Bxf3 11. gxf3 Ne7 12. b4 Qc7 13. f4 Nf5 14. Ne2 h5 15.
Nd4 Nxd4 16. Bxd4 g6 17. O-O Bh6 18. Qf3 O-O 19. Kh1 Qb7 20. Be3 Kh7 21. Qe2 a5
22. c3 axb4 23. cxb4 Ra4 24. Qd3 Rfa8 25. Rfb1 Qa6 26. Qxa6 R8xa6 27. Rb3 Ra8
28. Kg2 Bf8 29. Kf3 Be7 30. Bd4 Rb8 31. Ke3 g5 32. fxg5 Bxg5+ 33. f4 Be7 34.
Rg1 Rba8 35. Bb2 Rg8 36. Rxg8 Kxg8 37. Kd2 h4 38. Rf3 Kg7 39. f5 exf5 40. Rxf5
Kg6 41. Rf3 Ra8 42. Kc2 Ra7 43. Bd4 Rb7 44. Kb3 Bd8 45. h3 Kg5 46. a4 Kg6 47.
Ka3 Bg5 48. Bc3 Bc1+ 49. Kb3 Bg5 50. a5 Be7 51. Ka4 Bd8 52. Bd4 Bg5 53. a6 Rb8
54. Bc3 Bd8 55. Rf2 Bg5 56. Rf1 Bd8 57. Rg1+ Kf5 58. Rg8 Ke4 59. e6 fxe6 60.
Bf6 Bc7 61. Rxb8 Bxb8 62. b5 cxb5+ 63. Kxb5 d4 64. c6 d3 65. Bc3 1-0

[Event "XI Festival A"]
[Site "Trieste ITA"]
[Date "2009.09.01"]
[Round "4"]
[White "Bevilacqua, Andrea"]
[Black "Vianello, Enrico"]
[Result "1/2-1/2"]
[WhiteElo "2105"]
[BlackElo "2200"]
[PlyCount "169"]
[EventDate "2009.08.30"]

1. c4 Nc6 2. Nc3 e5 3. d3 Nf6 4. e4 d6 5. Be2 Be7 6. f4 exf4 7. Bxf4 Ne5 8. Nf3
Ng6 9. Bd2 c6 10. O-O O-O 11. Qb3 Ne8 12. Nd1 Nc7 13. d4 Rb8 14. Qc2 Bg4 15.
Ne3 Bxf3 16. Rxf3 Ne6 17. Nf5 Bf6 18. Bc3 Nh4 19. Nxh4 Bxd4+ 20. Kh1 Qxh4 21.
e5 Qe7 22. Rh3 h6 23. exd6 Qxd6 24. Rd1 Qe5 25. Rh5 f5 26. Bg4 Bxc3 27. Bxf5
Ng5 28. Bh7+ Kh8 29. bxc3 Qf4 30. Bd3 Ne4 31. Ra1 Nf2+ 32. Kg1 Qe3 33. Bf5 Nh3+
34. Kh1 Nf4 35. Rh4 Rbe8 36. Rf1 Ne2 37. Rh3 Qe5 38. Rhf3 Nxc3 39. Bg4 Rxf3 40.
Bxf3 Ne4 41. Bxe4 Qxe4 42. Qc1 Re5 43. h3 Rf5 44. Rxf5 Qxf5 45. a3 b6 46. Qc3
a6 47. Qb4 Qf1+ 48. Kh2 Qf4+ 49. Kg1 b5 50. Qa5 Qxc4 51. Qxa6 Kh7 52. h4 Qd4+
53. Kf1 Qd3+ 54. Kg1 c5 55. h5 Qb1+ 56. Kh2 c4 57. Qc6 Qf5 58. g4 Qxg4 59. Qxb5
c3 60. Qd3+ Kg8 61. Qd8+ Kf7 62. Qc7+ Kf8 63. Qxc3 Qxh5+ 64. Kg2 Qg4+ 65. Kh2
Kf7 66. Qb3+ Kg6 67. a4 Qe2+ 68. Kg3 h5 69. Qb6+ Kh7 70. a5 Qg4+ 71. Kf2 h4 72.
Qb1+ Kh6 73. Qc1+ Kh5 74. Qc5+ g5 75. Qe5 Qc8 76. Qe4 Qc5+ 77. Kg2 g4 78. Qh7+
Kg5 79. Qg7+ Kf5 80. Qh7+ Kf4 81. Qxh4 Qd5+ 82. Kg1 Qxa5 83. Qf6+ Ke4 84. Qe6+
Kf3 85. Qf6+ 1/2-1/2

[Event "XI Festival A"]
[Site "Trieste ITA"]
[Date "2009.09.01"]
[Round "4"]
[White "Doric, Darko"]
[Black "Judkovsky, Yair"]
[Result "1-0"]
[WhiteElo "2468"]
[BlackElo "2244"]
[PlyCount "127"]
[EventDate "2009.08.30"]

1. d4 g6 2. e4 Bg7 3. c4 d6 4. Nc3 Nf6 5. Nf3 O-O 6. Be2 e5 7. O-O Nc6 8. d5
Ne7 9. b4 Nh5 10. Re1 a5 11. bxa5 Rxa5 12. Nd2 Nf4 13. Bf1 c5 14. Nb5 f5 15. a4
Ra6 16. Ra3 fxe4 17. Nxe4 h6 18. g3 Nh5 19. Bg2 Nf6 20. Nxf6+ Rxf6 21. Bb2 g5
22. Nc3 Rf7 23. Ne4 Nf5 24. Bf3 Ra8 25. Bg4 Bd7 26. h3 Rf8 27. Kg2 Nd4 28. Bc3
Be8 29. Ra2 Bg6 30. Rb2 Qc7 31. a5 Rf7 32. Rb6 Bxe4+ 33. Rxe4 Nf5 34. Qb1 Raf8
35. Be1 Nd4 36. Bh5 Re7 37. Bc3 Nf5 38. Bg4 Ref7 39. Re2 e4 40. Bxf5 Rxf5 41.
Rxb7 Qxb7 42. Qxb7 Bxc3 43. Qb3 Bd4 44. Qc2 Kg7 45. a6 R8f7 46. g4 Rf4 47. Kh1
Rf3 48. Qa2 Ra7 49. Kg2 Rf8 50. Qb1 Rfa8 51. Rxe4 Be5 52. Qb5 Rxa6 53. Rxe5
dxe5 54. Qxc5 R8a7 55. Qe3 Kf6 56. Qf3+ Ke7 57. c5 Rd7 58. Qe2 Ra5 59. Qxe5+
Kd8 60. d6 Rda7 61. Qf5 Rb7 62. Qf8+ Kd7 63. Qe7+ Kc6 64. Qe4+ 1-0

[Event "XI Festival A"]
[Site "Trieste ITA"]
[Date "2009.09.01"]
[Round "4"]
[White "Dvirnyy, Danyyil"]
[Black "Piscopo, Pierluigi"]
[Result "1/2-1/2"]
[WhiteElo "2440"]
[BlackElo "2415"]
[PlyCount "119"]
[EventDate "2009.08.30"]

1. Nf3 Nf6 2. c4 g6 3. Nc3 Bg7 4. d4 O-O 5. e4 c6 6. h3 d5 7. e5 Ne4 8. Bd3
Nxc3 9. bxc3 dxc4 10. Bxc4 c5 11. O-O Nc6 12. Bg5 cxd4 13. cxd4 Na5 14. Be2 Be6
15. Rc1 Bxa2 16. Qa4 Bd5 17. Bxe7 Qxe7 18. Qxa5 Rfd8 19. Rc7 Rd7 20. Rfc1 Bc6
21. R7xc6 bxc6 22. Rxc6 Rb8 23. Bc4 Kh8 24. g3 Rdb7 25. h4 Rb6 26. Rc5 f6 27.
Ba2 fxe5 28. Ng5 h6 29. Nf7+ Kh7 30. Nxe5 Qb7 31. Bd5 Rb1+ 32. Kg2 Qb4 33. Be4
Bxe5 34. Rxe5 Qxa5 35. Rxa5 R1b6 36. Rxa7+ Kh8 37. Rc7 Rd6 38. d5 Rbd8 39. Kf3
R8d7 40. Rxd7 Rxd7 41. Kf4 Kg7 42. Ke5 Re7+ 43. Kd4 Kf6 44. f4 Rd7 45. g4 g5
46. fxg5+ hxg5 47. h5 Ra7 48. h6 Ra4+ 49. Ke3 Ke5 50. h7 Ra3+ 51. Bd3 Ra8 52.
Bg6 Rh8 53. Be4 Rd8 54. Kd3 Kf4 55. Kd4 Kxg4 56. Bg6 Kf4 57. Bf7 Rh8 58. d6 g4
59. d7 g3 60. Bg8 1/2-1/2

[Event "XI Festival A"]
[Site "Trieste ITA"]
[Date "2009.09.01"]
[Round "4"]
[White "Egartner, Wolfgang"]
[Black "Pregarac, Valter"]
[Result "1/2-1/2"]
[WhiteElo "2153"]
[BlackElo "2098"]
[PlyCount "69"]
[EventDate "2009.08.30"]

1. d4 Nf6 2. Bg5 e6 3. Nd2 Be7 4. e3 b6 5. Bd3 Bb7 6. Ngf3 c5 7. c3 d6 8. Qe2
Nbd7 9. h3 Nd5 10. Bxe7 Qxe7 11. a3 cxd4 12. cxd4 O-O 13. O-O Rfc8 14. Rac1
Rxc1 15. Rxc1 Rc8 16. Rxc8+ Bxc8 17. Ba6 Qd8 18. Bxc8 Qxc8 19. Qc4 Ne7 20. Kf1
Qxc4+ 21. Nxc4 Nc8 22. Ke2 Kf8 23. e4 Ke7 24. b4 a6 25. Ne3 b5 26. d5 Ncb6 27.
dxe6 fxe6 28. Kd3 Nb8 29. Nd4 g6 30. f4 e5 31. Ne2 N8d7 32. f5 gxf5 33. Nxf5+
Ke6 34. Ne3 Nf6 35. g4 1/2-1/2

[Event "XI Festival A"]
[Site "Trieste ITA"]
[Date "2009.09.01"]
[Round "4"]
[White "Epishin, Vladimir V."]
[Black "Mufic, Goran"]
[Result "1-0"]
[WhiteElo "2592"]
[BlackElo "2305"]
[PlyCount "111"]
[EventDate "2009.08.30"]

1. c4 c6 2. Nf3 d5 3. e3 Nf6 4. Nc3 Bg4 5. cxd5 Bxf3 6. Qxf3 cxd5 7. d4 e6 8.
Bd3 Nc6 9. O-O Be7 10. Bd2 O-O 11. Qe2 e5 12. dxe5 Nxe5 13. Rfd1 Nxd3 14. Qxd3
Qd7 15. Ne2 Rfd8 16. Bc3 Rac8 17. Nf4 g5 18. Bxf6 gxf4 19. Bxe7 Qxe7 20. exf4
Qf6 21. g3 Qxb2 22. Rab1 Qxa2 23. Rxb7 d4 24. Rb4 Qd5 25. f5 Kg7 26. f6+ Kxf6
27. Qxh7 Rh8 28. Rbxd4 Qxd4 29. Qxh8+ Rxh8 30. Rxd4 Ra8 31. Rd6+ Ke5 32. Ra6
Kd5 33. h4 Kc5 34. h5 Kb5 35. Rf6 a5 36. Rxf7 a4 37. Rb7+ Kc4 38. Kg2 a3 39.
Rb1 a2 40. Ra1 Kb3 41. g4 Kb2 42. Rxa2+ Kxa2 43. g5 Rh8 44. h6 Kb3 45. Kf3 Kc4
46. Ke4 Re8+ 47. Kf5 Kd5 48. h7 Rf8+ 49. Kg6 Ke6 50. f4 Ra8 51. f5+ Ke5 52. f6
Ke6 53. f7 Rf8 54. Kh6 Ke7 55. g6 Ra8 56. Kg7 1-0

[Event "XI Festival A"]
[Site "Trieste ITA"]
[Date "2009.09.01"]
[Round "4"]
[White "Fedorchuk, Sergey A."]
[Black "Baklan, Vladimir"]
[Result "1/2-1/2"]
[WhiteElo "2655"]
[BlackElo "2639"]
[PlyCount "20"]
[EventDate "2009.08.30"]

1. e4 e6 2. d4 d5 3. Nd2 dxe4 4. Nxe4 Nd7 5. Nf3 Ndf6 6. Nxf6+ Nxf6 7. Bd3 c5
8. dxc5 Bxc5 9. O-O Qc7 10. b3 Bd7 1/2-1/2

[Event "XI Festival A"]
[Site "Trieste ITA"]
[Date "2009.09.01"]
[Round "4"]
[White "Khenkin, Igor"]
[Black "Jacob, Volker"]
[Result "1-0"]
[WhiteElo "2634"]
[BlackElo "2257"]
[PlyCount "77"]
[EventDate "2009.08.30"]

1. d4 Nf6 2. c4 g6 3. Nc3 Bg7 4. e4 d6 5. f3 O-O 6. Be3 e5 7. d5 c6 8. Bd3 cxd5
9. cxd5 a6 10. Nge2 Nbd7 11. O-O Nh5 12. Qd2 f5 13. exf5 gxf5 14. Bxf5 Rxf5 15.
g4 Ndf6 16. gxf5 Bxf5 17. Rf2 Qd7 18. Bh6 Bh8 19. Ng3 Bg6 20. Nce4 Nf4 21. Bxf4
exf4 22. Qxf4 Rf8 23. Qxd6 Qxd6 24. Nxd6 Nxd5 25. Rd1 Nf4 26. Rfd2 Nh3+ 27. Kg2
Nf4+ 28. Kh1 Bf6 29. Nxb7 Re8 30. Nc5 a5 31. Nce4 Bh4 32. Nd6 Re5 33. Nde4 Kg7
34. Rd7+ Kh6 35. Nf2 Rb5 36. b3 Kg5 37. Nge4+ Kh5 38. Nd3 Ne6 39. Rd6 1-0

[Event "XI Festival A"]
[Site "Trieste ITA"]
[Date "2009.09.01"]
[Round "4"]
[White "Kovchan, Alexander"]
[Black "Lenic, Luka"]
[Result "1/2-1/2"]
[WhiteElo "2554"]
[BlackElo "2565"]
[PlyCount "136"]
[EventDate "2009.08.30"]

1. e4 e5 2. Nf3 Nc6 3. d4 exd4 4. Nxd4 Bb4+ 5. c3 Bc5 6. Nxc6 bxc6 7. Bd3 d6 8.
O-O Ne7 9. Nd2 O-O 10. Nb3 Bb6 11. Nd4 Bd7 12. Bg5 f6 13. Be3 Kh8 14. c4 a5 15.
Qc2 Bxd4 16. Bxd4 c5 17. Bc3 Nc6 18. Qd2 Ne5 19. Be2 Be6 20. b3 a4 21. f4 Nc6
22. Bf3 Ra6 23. Rad1 axb3 24. axb3 Qb8 25. e5 dxe5 26. fxe5 Nxe5 27. Bxe5 fxe5
28. Qe3 Bg8 29. Rd7 Rd6 30. Re7 Re8 31. Rxe8 Qxe8 32. Qxc5 Qb8 33. Qe3 h6 34.
Ra1 c6 35. Re1 Qb4 36. Rf1 Re6 37. Bg4 Re7 38. h3 Bf7 39. Rd1 Bg6 40. Bf3 e4
41. Bg4 Kh7 42. Rd8 Qa5 43. Rd6 Qa1+ 44. Kh2 Qe5+ 45. Qg3 e3 46. Qxe5 Rxe5 47.
Be2 Be4 48. g4 g5 49. Kg3 c5 50. h4 Kg7 51. Rb6 Re7 52. hxg5 hxg5 53. Rb5 Rc7
54. b4 Kf6 55. bxc5 Bc6 56. Rb3 Ba4 57. Rxe3 Rxc5 58. Kf2 Bd7 59. Re4 Bc6 60.
Rd4 Ke5 61. Rd8 Ra5 62. Ke3 Ra3+ 63. Bd3 Ra8 64. Rxa8 Bxa8 65. Be2 Bc6 66. Bf3
Bd7 67. c5 Bxg4 68. Bxg4 Kd5 1/2-1/2

[Event "XI Festival A"]
[Site "Trieste ITA"]
[Date "2009.09.01"]
[Round "4"]
[White "Kragelj, Igor"]
[Black "Genocchio, Daniele"]
[Result "1/2-1/2"]
[WhiteElo "2232"]
[BlackElo "2455"]
[PlyCount "32"]
[EventDate "2009.08.30"]

1. d4 g6 2. c4 Bg7 3. e4 c5 4. d5 d6 5. Nc3 Nf6 6. h3 O-O 7. Nf3 e6 8. Bd3 exd5
9. cxd5 Na6 10. O-O Nc7 11. Re1 Rb8 12. a4 a6 13. Rb1 b5 14. axb5 Nxb5 15. Nxb5
axb5 16. b4 c4 1/2-1/2

[Event "XI Festival A"]
[Site "Trieste ITA"]
[Date "2009.09.01"]
[Round "4"]
[White "Mazi, Leon"]
[Black "Mikhalevski, Victor"]
[Result "0-1"]
[WhiteElo "2362"]
[BlackElo "2631"]
[PlyCount "60"]
[EventDate "2009.08.30"]

1. e4 e5 2. Nf3 Nc6 3. Bc4 Bc5 4. c3 Nf6 5. d3 a6 6. Nbd2 Ba7 7. Bb3 d6 8. h3
Be6 9. Bc2 h6 10. Nf1 d5 11. Qe2 Qe7 12. Ng3 O-O-O 13. a3 Nd7 14. b4 dxe4 15.
dxe4 Nb6 16. Nd2 g6 17. a4 a5 18. b5 Nb8 19. Nb3 Nc4 20. Bd3 Qd7 21. Bc2 f5 22.
exf5 gxf5 23. O-O Rdg8 24. Kh2 f4 25. Ne4 Qf7 26. Qf3 Nd7 27. Rd1 Qe7 28. Bd3
Bb6 29. Bxc4 Bxc4 30. Ba3 Qg7 0-1

[Event "XI Festival A"]
[Site "Trieste ITA"]
[Date "2009.09.01"]
[Round "4"]
[White "Milazzo, Mario"]
[Black "Pasquotto, Mirko"]
[Result "1-0"]
[WhiteElo "2068"]
[BlackElo "1922"]
[PlyCount "79"]
[EventDate "2009.08.30"]

1. c4 Nf6 2. Nc3 g6 3. g3 Bg7 4. Bg2 O-O 5. e4 d6 6. Nge2 Nbd7 7. O-O e5 8. d3
a5 9. h3 Nc5 10. f4 exf4 11. Bxf4 Ne6 12. Be3 h5 13. Qd2 Nd7 14. Rad1 c5 15.
Nb5 Ne5 16. b3 Nc6 17. d4 cxd4 18. Nexd4 Ncxd4 19. Nxd4 Be5 20. Nxe6 Bxe6 21.
Bh6 Re8 22. Bg5 Qb6+ 23. Be3 Qc7 24. Bf4 Rad8 25. Kh2 a4 26. Bg5 Ra8 27. Bf6
axb3 28. axb3 Bxf6 29. Rxf6 Ra3 30. Rf3 b5 31. cxb5 Rxb3 32. Rxb3 Bxb3 33. Qxd6
Qc4 34. Rd4 Qe6 35. Qxe6 Rxe6 36. Rb4 Bc2 37. b6 Re8 38. b7 Rb8 39. e5 Bd3 40.
Ra4 1-0

[Event "XI Festival A"]
[Site "Trieste ITA"]
[Date "2009.09.01"]
[Round "4"]
[White "Tonel, Giulia"]
[Black "Fusari, Paolo"]
[Result "1-0"]
[WhiteElo "2004"]
[BlackElo "1898"]
[PlyCount "99"]
[EventDate "2009.08.30"]

1. e4 e5 2. f4 Bc5 3. Nf3 d6 4. c3 Nc6 5. d4 Bb6 6. dxe5 dxe5 7. Qxd8+ Kxd8 8.
Bb5 Bd7 9. Nbd2 exf4 10. Nc4 Nf6 11. Bxf4 Nxe4 12. Bg3 Nxg3 13. hxg3 Re8+ 14.
Kf1 h6 15. Rd1 Ke7 16. Rh4 Rad8 17. Rf4 g5 18. Re4+ Kf8 19. Rxe8+ Kxe8 20. Re1+
Kf8 21. Rd1 Be6 22. Ke2 Rxd1 23. Kxd1 Bf2 24. g4 Ne7 25. Nce5 Bxa2 26. Nd3 Bg3
27. Nc5 b6 28. Ne4 Bf4 29. c4 Bb3+ 30. Ke2 c6 31. Ba6 b5 32. cxb5 Bc4+ 33. Kd1
Bxb5 34. Bxb5 cxb5 35. Nd4 b4 36. Kc2 a5 37. Kb3 Be5 38. Nf3 Bc7 39. Nd4 Be5
40. Nf3 Nc6 41. Ka2 Kg7 42. Nc5 Bc7 43. Kb3 Kg6 44. Ka4 h5 45. gxh5+ Kxh5 46.
Ne4 Bd8 47. Kb5 Nb8 48. Ne5 f6 49. Ng3+ Kh4 50. Nf5+ 1-0

[Event "XI Festival A"]
[Site "Trieste ITA"]
[Date "2009.09.01"]
[Round "4"]
[White "Tonon, Alessandro"]
[Black "Tratar, Marko"]
[Result "0-1"]
[WhiteElo "2248"]
[BlackElo "2494"]
[PlyCount "84"]
[EventDate "2009.08.30"]

1. Nf3 g6 2. c4 Bg7 3. d4 d6 4. g3 e5 5. Bg2 Nc6 6. d5 Nce7 7. Nc3 h6 8. e4 f5
9. exf5 gxf5 10. Nh4 Nf6 11. f4 e4 12. O-O Kf7 13. Kh1 Ng6 14. Nxg6 Kxg6 15.
Be3 Qe7 16. Rc1 Bd7 17. Rc2 a6 18. h3 Rac8 19. Bd4 h5 20. h4 b5 21. cxb5 axb5
22. Qd2 b4 23. Nd1 Bb5 24. Re1 Bd3 25. Rc1 Nxd5 26. Bxg7 Qxg7 27. Nf2 Qd4 28.
Nxe4 fxe4 29. Rxe4 Qxe4 30. Bxe4+ Bxe4+ 31. Kh2 Nf6 32. Qxb4 c5 33. Qd2 d5 34.
f5+ Kf7 35. Qa5 Rhe8 36. Rxc5 Rxc5 37. Qxc5 Bxf5 38. Kg1 Re1+ 39. Kg2 Re2+ 40.
Kf1 Rxb2 41. a4 Bd3+ 42. Ke1 Rb1+ 0-1

[Event "XI Festival A"]
[Site "Trieste ITA"]
[Date "2009.09.01"]
[Round "4"]
[White "Varini, Massimo"]
[Black "Suc, Timothy"]
[Result "1/2-1/2"]
[WhiteElo "2084"]
[BlackElo "1991"]
[PlyCount "98"]
[EventDate "2009.08.30"]

1. e4 d5 2. exd5 Qxd5 3. Nc3 Qa5 4. b4 Qxb4 5. Rb1 Qd6 6. Rb3 Nf6 7. d4 c6 8.
Nf3 Nbd7 9. Bc4 Nb6 10. Ba3 Qc7 11. Be2 g6 12. O-O Bg7 13. Re1 O-O 14. Ne5 Be6
15. Rb1 Rfd8 16. Bf3 Nbd5 17. Nxd5 cxd5 18. c4 Rab8 19. c5 Nd7 20. Nxd7 Qxd7
21. Rb4 b6 22. Ra4 b5 23. Ra6 Qb7 24. Raxe6 fxe6 25. Rxe6 b4 26. Bc1 b3 27. c6
Qc8 28. Bg4 b2 29. Bxb2 Rxb2 30. Qc1 Rb6 31. Rxg6 hxg6 32. Bxc8 Rxc8 33. h4 Kh7
34. h5 Rcxc6 35. Qg5 gxh5 36. Qxh5+ Rh6 37. Qf5+ Kh8 38. Qc8+ Kh7 39. Qf5+ Kg8
40. Qxd5+ e6 41. Qa8+ Bf8 42. g3 Ra6 43. d5 Rxa2 44. Qd8 Ra1+ 45. Kg2 exd5 46.
Qxd5+ Kh8 47. Qd8 Kg8 48. Qd5+ Kh7 49. Qf5+ Kg8 1/2-1/2

[Event "XI Festival A"]
[Site "Trieste ITA"]
[Date "2009.09.02"]
[Round "5"]
[White "Baklan, Vladimir"]
[Black "Lenic, Luka"]
[Result "1/2-1/2"]
[WhiteElo "2639"]
[BlackElo "2565"]
[PlyCount "96"]
[EventDate "2009.08.30"]

1. e4 e5 2. Nf3 Nc6 3. d4 exd4 4. Nxd4 Bc5 5. Be3 Qf6 6. c3 Nge7 7. Nc2 Bxe3 8.
Nxe3 O-O 9. Nd2 Rd8 10. Qh5 Qg6 11. Qxg6 hxg6 12. O-O-O d5 13. exd5 Nxd5 14.
Nxd5 Rxd5 15. Bc4 Rd8 16. Nf3 Bd7 17. Rhe1 Be8 18. Ng5 Rxd1+ 19. Kxd1 Rd8+ 20.
Kc1 Kf8 21. b4 a5 22. a3 axb4 23. axb4 Nb8 24. Re2 Rc8 25. Rd2 b5 26. Ba2 c5
27. bxc5 Na6 28. Ne4 Nxc5 29. Nxc5 Rxc5 30. Kb2 Re5 31. h4 Ke7 32. g3 Bc6 33.
Ka3 Re4 34. Bb3 f6 35. Bc2 Rc4 36. Kb2 b4 37. cxb4 Rxb4+ 38. Kc3 Rg4 39. Re2+
Kd6 40. Re1 Bd5 41. Re8 Rc4+ 42. Kd2 Bf7 43. Ra8 Rc7 44. Ra6+ Rc6 45. Ra3 Rc5
46. Be4 Ke7 47. Ke3 g5 48. hxg5 Rxg5 1/2-1/2